[Event "GER-chT U14 Girls"]
[Site "Regensburg"]
[Date "2014.12.29"]
[Round "5.4"]
[White "Boehle, Rebecca"]
[Black "Kahle, Leonie"]
[Result "1/2-1/2"]
[WhiteElo "1332"]
[BlackElo "1365"]
[PlyCount "88"]
[EventDate "2014.12.27"]
[EventType "team-swiss"]
[EventRounds "7"]
[EventCountry "GER"]
[SourceTitle "EXT 2016"]
[Source "ChessBase"]
[SourceDate "2015.10.08"]
[SourceVersion "1"]
[SourceVersionDate "2015.10.08"]
[SourceQuality "1"]
[WhiteTeam "Wilkau Hasslau Muldental"]
[BlackTeam "Leipzig SG"]
[WhiteTeamCountry "GER"]
[BlackTeamCountry "GER"]

1. e4 c5 2. c3 d6 3. d4 cxd4 4. cxd4 g6 5. Nc3 Bg7 6. Nf3 Nc6 7. Bc4 e6 8. Bf4 Nge7 9. 0-0 0-0 10. a3 d5 11. exd5 Nxd5 12. Nxd5 exd5 13. Ba2 Bg4 14. Be3 Qd6 15. h3 Bxf3 16. Qxf3 Nxd4 17. Qxd5 Qxd5 18. Bxd5 Nc2 19. Rab1 Nxe3 20. fxe3 Rab8 21. b3 b6 22. a4 a5 23. Rbd1 Rbc8 24. Bc4 Be5 25. Rd7 Rc7 26. Bxf7+ Kh8 27. Rxc7 Bxc7 28. Bc4 Rxf1+ 29. Kxf1 Kg7 30. Ke2 Kf6 31. Kd3 Ke5 32. Bg8 h6 33. Bf7 g5 34. Bg6 Bd6 35. Kc4 Bc5 36. e4 Be7 37. Kb5 Bc5 38. Kc6 Be3 39. Kd7 Bc5 40. Ke8 Kf6 41. Bf5 Bb4 42. g4 Bd6 43. e5+ Bxe5 44. Kf8 Bd6+ 1/2-1/2

[Event "GER-chT U14 Girls"]
[Site "Magdeburg"]
[Date "2014.06.29"]
[Round "7.3"]
[White "Berdin, Victoria"]
[Black "Kahle, Leonie"]
[Result "0-1"]
[WhiteElo "1469"]
[BlackElo "1365"]
[PlyCount "142"]
[EventDate "2013.12.27"]
[EventType "team-swiss"]
[EventRounds "4"]
[EventCountry "GER"]
[SourceTitle "EXT 2022"]
[Source "ChessBase"]
[SourceDate "2021.10.06"]
[SourceVersion "1"]
[SourceVersionDate "2021.10.06"]
[SourceQuality "1"]
[WhiteTeam "Berlin Empor"]
[BlackTeam "Leipzig SG"]
[WhiteTeamCountry "GER"]
[BlackTeamCountry "GER"]

1. e4 c5 2. Nf3 Nc6 3. c3 Nf6 4. Qc2 g6 5. Be2 Bg7 6. 0-0 0-0 7. d4 cxd4 8. cxd4 d6 9. Nc3 Bg4 10. Be3 Nd7 11. Rad1 Nb6 12. h3 Bxf3 13. Bxf3 Nc4 14. b3 Nb6 15. g3 e6 16. Bg2 d5 17. e5 f6 18. f4 a6 19. h4 Nc8 20. Qe2 N8e7 21. Bh3 Nf5 22. Bf2 b5 23. Kh1 fxe5 24. dxe5 Re8 25. Rg1 Bf8 26. g4 Ng7 27. h5 gxh5 28. gxh5 Kh8 29. Qg4 h6 30. Bh4 Qd7 31. Bf6 Ra7 32. Qg6 Qf7 33. Qxh6+ Kg8 34. Qg5 Kh7 35. Qg6+ Qxg6 36. hxg6+ Kg8 37. Rd2 Nh5 38. Rg4 Be7 39. Bh4 Rc7 40. Ne2 Nb4 41. Bf2 Kg7 42. Rg1 Rc6 43. Be3 Bc5 44. Bxc5 Rxc5 45. Rg5 Kh6 46. Rg4 Rc2 47. Rxc2 Nxc2 48. Rg1 Ng7 49. Nc1 Nd4 50. Nd3 Ne2 51. Rg2 Nd4 52. Nc5 a5 53. Rg4 Ndf5 54. Bf1 b4 55. Nd7 Rc8 56. Rg2 Rc3 57. Nf6 Rg3 58. Kh2 Rxg2+ 59. Kxg2 Ne3+ 60. Kg1 Nxf1 61. Kxf1 Kxg6 62. Kf2 Nh5 63. Nxh5 Kxh5 64. Kf3 Kh4 65. Kf2 Kg4 66. Ke3 d4+ 67. Kxd4 Kxf4 68. Kc5 Kxe5 69. Kb5 Kd4 70. Kxa5 e5 71. Kxb4 e4 0-1

[Event "GER-chT U14 Girls"]
[Site "Magdeburg"]
[Date "2013.12.27"]
[Round "2.3"]
[White "Kahle, Leonie"]
[Black "Giede, Anna Blume"]
[Result "0-1"]
[WhiteElo "1365"]
[BlackElo "1273"]
[PlyCount "122"]
[EventDate "2013.12.27"]
[EventType "team-swiss"]
[EventRounds "4"]
[EventCountry "GER"]
[SourceTitle "EXT 2015"]
[Source "ChessBase"]
[SourceDate "2014.11.20"]
[SourceVersion "1"]
[SourceVersionDate "2014.11.20"]
[SourceQuality "1"]
[WhiteTeam "Leipzig SG"]
[BlackTeam "Harksheide"]
[WhiteTeamCountry "GER"]
[BlackTeamCountry "GER"]

1. e4 c6 2. d4 d5 3. exd5 cxd5 4. Bd3 Nc6 5. c3 Nf6 6. h3 e6 7. Bf4 Bd6 8. Qd2 Bxf4 9. Qxf4 0-0 10. Nd2 Re8 11. Ngf3 h6 12. 0-0 Bd7 13. Rfe1 Rc8 14. Nh2 Qc7 15. Qxc7 Rxc7 16. Nhf3 a6 17. Nb3 Na7 18. Ne5 Bb5 19. Bc2 Nd7 20. Nxd7 Bxd7 21. Nc5 Nb5 22. Re3 Nd6 23. Rae1 Kf8 24. Kf1 Bb5+ 25. Kg1 Bd7 26. Kh1 Nc4 27. Rf3 Nd2 28. Rf4 g5 29. Rg4 Nc4 30. b3 Nd6 31. Re3 f5 32. Rgg3 f4 33. Rgf3 Kg7 34. Re1 Nb5 35. a4 Nd6 36. h4 Bc8 37. a5 Rce7 38. Re5 Kf6 39. hxg5+ hxg5 40. Rh3 Nf7 41. Re2 Rh8 42. Rxh8 Nxh8 43. Nd3 Rc7 44. Nc5 Nf7 45. Kg1 Nd6 46. Bd3 Nf7 47. Kh2 Nd6 48. Kh3 e5+ 49. Kh2 e4 50. Bc2 Nb5 51. c4 Nxd4 52. Nxe4+ dxe4 53. Rd2 Nxc2 54. Rxc2 Be6 55. Rd2 Rd7 56. Rc2 Kf5 57. b4 Rd4 58. c5 Rxb4 59. c6 bxc6 60. Rc5+ Kg4 61. Rxc6 Bc4 0-1

[Event "Sachsen-ch U12 Girls"]
[Site "Sebnitz"]
[Date "2013.04.03"]
[Round "3"]
[White "Kahle, Leonie"]
[Black "Hagenbeck Huebert, Lara"]
[Result "0-1"]
[WhiteElo "1185"]
[BlackElo "1220"]
[PlyCount "54"]
[EventDate "2013.04.02"]
[EventType "swiss"]
[EventRounds "7"]
[EventCountry "GER"]
[SourceTitle "EXT 2014"]
[Source "ChessBase"]
[SourceDate "2013.11.20"]
[SourceVersion "1"]
[SourceVersionDate "2013.11.20"]
[SourceQuality "1"]

1. e4 e5 2. Nf3 Nf6 3. Nc3 Nc6 4. d4 exd4 5. Nxd4 Bb4 6. f3 0-0 7. Bc4 Re8 8. 0-0 Bc5 9. Nce2 d5 10. Bxd5 Nxd5 11. exd5 Qxd5 12. c3 Bf5 13. Kh1 Bxd4 14. Nxd4 Nxd4 15. Qxd4 Qxd4 16. cxd4 Rad8 17. Rd1 Rxd4 18. Rf1 Re2 19. b3 h6 20. a3 Rh4 21. a4 g5 22. Ba3 g4 23. fxg4 Rxg4 24. g3 Be4+ 25. Kg1 Rg2+ 26. Kh1 R2xg3+ 27. Rf3 Bxf3# 0-1

[Event "Sachsen-ch U12 Girls"]
[Site "Sebnitz"]
[Date "2012.04.13"]
[Round "6"]
[White "Boehle, Rebecca"]
[Black "Kahle, Leonie"]
[Result "1-0"]
[WhiteElo "1095"]
[BlackElo "991"]
[PlyCount "59"]
[EventDate "2012.04.10"]
[EventType "swiss"]
[EventRounds "7"]
[EventCountry "GER"]
[SourceTitle "CBM 148 Extra"]
[Source "ChessBase"]
[SourceDate "2012.06.22"]
[SourceVersion "1"]
[SourceVersionDate "2012.06.22"]
[SourceQuality "1"]

1. e4 c5 2. c3 d6 3. d4 cxd4 4. cxd4 g6 5. Nf3 Bg7 6. Bd3 Bg4 7. Be3 Nc6 8. Bb5 a6 9. Ba4 b5 10. Bb3 Rc8 11. h3 Bxf3 12. Qxf3 Nf6 13. Nc3 0-0 14. 0-0 Nd7 15. Rfd1 e6 16. Rac1 Re8 17. d5 exd5 18. Bxd5 Qe7 19. Bxc6 Rxc6 20. Nd5 Qe5 21. Rxc6 a5 22. Bd4 Qe6 23. Bxg7 Kxg7 24. Re1 Ne5 25. Qc3 Rd8 26. f4 b4 27. Qd4 Kf8 28. fxe5 dxe5 29. Qc5+ Kg7 30. Rxe6 1-0

[Event "Sachsen-ch U10 Girls"]
[Site "Sebnitz"]
[Date "2011.04.29"]
[Round "6"]
[White "Guetter, Elisabeth"]
[Black "Kahle, Leonie"]
[Result "0-1"]
[WhiteElo "684"]
[BlackElo "931"]
[PlyCount "62"]
[EventDate "2011.04.26"]
[EventType "swiss"]
[EventRounds "7"]
[EventCountry "GER"]
[SourceTitle "EXT 2012"]
[Source "ChessBase"]
[SourceDate "2011.11.24"]
[SourceVersion "1"]
[SourceVersionDate "2011.11.24"]
[SourceQuality "1"]

1. e4 e5 2. Nf3 Nc6 3. Nc3 Nf6 4. d3 d6 5. Bg5 Qd7 6. Bxf6 gxf6 7. d4 Bh6 8. Bb5 a6 9. Bxc6 Qxc6 10. 0-0 Bg4 11. h3 Bh5 12. g4 Bg6 13. Nd2 0-0-0 14. h4 Rhg8 15. g5 Bf8 16. Qg4+ Kb8 17. Nd5 Qxc2 18. Qe2 fxg5 19. Rfb1 gxh4 20. Ne3 Qc6 21. Nd5 Bh5+ 22. Kf1 Bxe2+ 23. Kxe2 Bh6 24. b4 Qd7 25. Nf6 Qh3 26. Rh1 Qg2 27. Rag1 Qxg1 28. Rxg1 Rxg1 29. Nxh7 h3 30. Nf8 h2 31. Ne6 Rdg8 0-1